Online
Catalog

Plane surfaces = Plano de incidencia : (Record no. 45764)

MARC details
000 -CABECERA
campo de control de longitud fija 00840nam a2200253 a 4500
001 - NÚMERO DE CONTROL
campo de control 000046275
005 - FECHA Y HORA DE LA ÚLTIMA TRANSACCIÓN
campo de control 20201002052744.0
008 - DATOS DE LONGITUD FIJA--INFORMACIÓN GENERAL
campo de control de longitud fija 150714s2002 quc 000 0 spa d
020 ## - NÚMERO INTERNACIONAL ESTÁNDAR DEL LIBRO
Número Internacional Estándar del Libro 9993403121
040 ## - FUENTE DE LA CATALOGACIÓN
Centro catalogador/agencia de origen DO-SdBNP
Lengua de catalogación spa
Centro/agencia transcriptor BNPHU
041 17 - CÓDIGO DE LENGUA
Código de lengua del texto/banda sonora o título independiente spa
Fuente del código eng
082 ## - NÚMERO DE LA CLASIFICACIÓN DECIMAL DEWEY
Número de clasificación xxxx
Número de documento/Ítem xxxx
100 1# - ENTRADA PRINCIPAL--NOMBRE DE PERSONA
Nombre de persona Kerman, Judith
9 (RLIN) 74295
245 10 - MENCIÓN DE TÍTULO
Título Plane surfaces = Plano de incidencia :
Resto del título selected poems (1969-2002) /
Mención de responsabilidad, etc. Judith Kerman ; traducido por Johnny Durán.
246 10 - FORMA VARIANTE DE TÍTULO
Título propio/Titulo breve Plano de incidencia
250 ## - MENCIÓN DE EDICIÓN
Mención de edición Ed. bilingüe
260 ## - PUBLICACIÓN, DISTRIBUCIÓN, ETC.
Lugar de publicación, distribución, etc. Montreal, Quebec :
Nombre del editor, distribuidor, etc. CCLEH,
Fecha de publicación, distribución, etc. 2002.
300 ## - DESCRIPCIÓN FÍSICA
Extensión 138 p. ;
Dimensiones 21 cm.
490 1# - MENCIÓN DE SERIE
Mención de serie Cotidianas de estival
546 ## - NOTA DE LENGUA/LENGUAJE
Nota de lengua/lenguaje Texto en inglés y español
500 ## - NOTA GENERAL
Nota general Incluye datos biográficos de la autora en la solapa
700 12 - PUNTO DE ACCESO ADICIONAL--NOMBRE DE PERSONA
Nombre de persona Durán, Johnny,
Fechas asociadas al nombre 1957-
Término indicativo de función/relación tr.
9 (RLIN) 74296
830 #0 - PUNTO DE ACCESO ADICIONAL DE SERIE-TÍTULO UNIFORME
Título uniforme Cotidianas de estival
9 (RLIN) 24279
Holdings
Estado de retiro Estado de pérdida Restricciones de uso No para préstamo Código de colección Localización permanente Ubicación/localización actual Ubicación en estantería Fecha de adquisición Número de inventario Total de préstamos Signatura topográfica completa Código de barras Fecha visto por última vez Precio válido a partir de Tipo de ítem Koha Nota pública
      Excluido de préstamo Monografías: Libros y Folletos Patrimonio Dominicano Patrimonio Dominicano En catalogación 14.07.2015 LF1   xxxx xxxx 46275-10 25.06.2020 25.06.2020 No se presta Perteneció a la bilblioteca personal de Chiqui Vicioso Fidelio Despradel.

Powered by Koha